000 00562nam a2200229Ia 4500
003 OSt
005 20220918175553.0
006 a|||||r|||| 00| 0
007 ta
008 220917b |||||||| |||| 00| 0 eng d
024 _a18,083
037 _cTextual
040 _aARTS
_cARTS
_beng
041 _2eng
_aeng
082 _aO:2J64:5, J3
100 _aShakespeare William
_9226
245 0 _aTragedies
260 _c1953
650 _aENGLISH LITERATURE
942 _hO:2J64:5, J3
_cTEXL
_2CC
999 _c158223
_d158223